00558nam a2200181Ia 4500008004100000020001800041022001500059040001300074082001500087100001900102245004800121260003400169300002900203500006500232650003700297650002000334650002200354191130s2010##################000#0#eng## a9780745648019 a2010278654 aACLcACL a330.16 HAL aHalpern, David aThe hidden wealth of nationscDavid Halpern aCambridgebPolity Pressc2010 ax, 307 p. : ill. ; 24 cm aIncludes bibliographical references (p. [278]-295) and index aEconomics - Sociological aspects aQuality of Life aSocial perception